skbl

Dr Suryya Kumar Bhuyan Library Web-OPAC
ডঃ সূৰ্য্য
কুমাৰ ভূঞা পুথিভঁৰাল ৱেব-অ'পেক

All Research Scholars are advised to clear the annual library fees to continue using Library Resources, Remote Access, Plagiarism Test and Library Clearance.

Cotton University Book Fair 2026

Maniram Dewan / (Record no. 1573)

MARC details
000 -LEADER
fixed length control field 00591nam a2200217Ia 4500
001 - CONTROL NUMBER
control field 1577
008 - FIXED-LENGTH DATA ELEMENTS--GENERAL INFORMATION
fixed length control field 210122s1950 ii a g b000 u asm u
082 ## - DEWEY DECIMAL CLASSIFICATION NUMBER
Classification number 923.2
100 ## - MAIN ENTRY--PERSONAL NAME
Personal name Sarma, Benudhar .
245 #0 - TITLE STATEMENT
Title Maniram Dewan /
Statement of responsibility, etc. Benudhar Sarma.
Medium Textual Documents
250 ## - EDITION STATEMENT
Edition statement 1st ed. /
260 ## - PUBLICATION, DISTRIBUTION, ETC.
Place of publication, distribution, etc. Assam :
Name of publisher, distributor, etc. Assam Jyoti ,
Date of publication, distribution, etc. 1950.
300 ## - PHYSICAL DESCRIPTION
Extent 189p. :
Other physical details ill ;
Dimensions 24cm .
500 ## - GENERAL NOTE
General note 162/Ref/Ass
653 ## - INDEX TERM--UNCONTROLLED
Uncontrolled term Assamese Biography-Maniram Dewan
653 ## - INDEX TERM--UNCONTROLLED
Uncontrolled term Biography-Maniram Dewan
653 ## - INDEX TERM--UNCONTROLLED
Uncontrolled term Reference-Assamese
653 ## - INDEX TERM--UNCONTROLLED
Uncontrolled term Ref-Assamese
653 ## - INDEX TERM--UNCONTROLLED
Uncontrolled term G-Biography
942 ## - ADDED ENTRY ELEMENTS (KOHA)
Source of classification or shelving scheme Dewey Decimal Classification
Koha item type Books
Holdings
Withdrawn status Lost status Damaged status Not for loan Home library Current library Date acquired Coded location qualifier Total checkouts Full call number Barcode Date last seen Copy number Price effective from Koha item type
        Dr. Suryya Kumar Bhuyan Library Dr. Suryya Kumar Bhuyan Library 01/02/2012 00000   923.2 D 511 Sa 36605 13/01/2024 3 01/02/2012 Books
      Not for loan Dr. Suryya Kumar Bhuyan Library Dr. Suryya Kumar Bhuyan Library 01/02/2012 00000   923.2 D 511 Sa 36603 13/01/2024 1 01/02/2012 Books
        Dr. Suryya Kumar Bhuyan Library Dr. Suryya Kumar Bhuyan Library 01/02/2012 00000   923.2 D 511 Sa 36604 13/01/2024 2 01/02/2012 Books

Designed and Maintained by Team SKBL
©1901-2026

Powered by Koha